| 000 | 00636nam a22001935i 4500 | ||
|---|---|---|---|
| 001 | 171635 | ||
| 003 | ES-MaACL | ||
| 005 | 20230906214702.0 | ||
| 008 | 090525s1961 sp |||| | cat d | ||
| 080 | _a39(467.1)"18/19"(04) | ||
| 080 | _a946.71"18/19"(04) | ||
| 100 | 1 |
_aSoldevila, Ferran. _9107111 |
|
| 245 | 1 | 3 |
_aUn segle de vida catalana, 1814-1930 / _c[director, Ferrán Soldevila]. |
| 260 |
_aBarcelona : _bAlcides, _c1961. |
||
| 300 |
_a2 v., 46 lám., 2 map. pleg. ; _c25 cm. |
||
| 651 | 4 |
_aCataluña- _xHistoria- _yS.XIX. _98019 |
|
| 651 | 4 |
_aCataluña- _xUsos y costumbres. _98026 |
|
| 852 |
_aES-MaACL _jC-18922-23 _9R.47144 |
||
| 999 |
_c171635 _d171635 |
||